| 000 | 00857 a2200241 4500 | ||
|---|---|---|---|
| 001 | 57158 | ||
| 005 | 20260407155834.0 | ||
| 008 | 260407a1997 arg spa d | ||
| 003 | AR-UNSa-BCEJYS | ||
| 040 |
_aAR-UNSa-BCEJYS _bspa _cAR-UNSa-BCEJYS |
||
| 080 |
_a336.2:323.17 _xFederalismo Fiscal |
||
| 245 | 1 | 0 | _aArgentina por regiones |
| 020 | _a987-507-000-9 | ||
| 264 | 1 |
_aBuenos Aires : _bEdiciones Ciudad Argentina _c1997 |
|
| 300 |
_a278 p. _c20 cm. |
||
| 505 | _aI. Tesis: La región es posible – II. Antítesis: Contradicciones de las provincias – III. Conclusiones :la región es necesaria. | ||
| 041 | _aspa | ||
| 942 | _cBK | ||
| 590 | _aniveau_biblio:m niveau_hierar:0 | ||
| 100 | 1 | _aMenem, Carlos | |
| 700 | 1 | _aDromi, José Roberto | |
| 856 | 4 | 1 |
_uhttps://biblioeco.unsa.edu.ar/pmb/images/libros/L128728.jpg _yImagen de portada _qimage/jpeg |
| 999 |
_c6150 _d6150 |
||